000 nam a22 a 4500
999 _c3623
_d3623
003 AKMAL
005 20170523123500.0
008 170523s2002 nj 00 eng d
020 _a0130359157 (pbk.):
_cRM134.27
040 _aAKMAL
082 0 4 _a658.84 GLO
_221
090 0 0 _a658.84
_bGLO
100 1 _aGlover, Steven M.
_97174
245 1 0 _aE-business :
_bprinciples and strategies for accountants /
_cSteven M. Glover, Stephen W. Liddle, Douglas F. Prawitt
250 _a2nd ed.
260 _aNew Jersey :
_bPrentice Hall,
_c2002
300 0 0 _aix, 181p. :
_bill. ;
_c23cm
500 _aIncludes index
650 0 _aBusiness
_xData processing
_95844
650 0 _aElectronic commerce
_97007
942 _2ddc
_cBOOK